000 00299nam a2200145Ia 4500
100 _aNance Barry
942 _cBK
654 _aComputer
245 _aClient /Server LAN Programming
260 _bQUE
_aIndiana
_c1995
082 _a4.68
_bPAN
300 _a713
546 _aENGLISH
999 _c28393
_d28393